00649nam a22002177a 450000500170000001000130001702000220003003500130005203700160006504000120008108200130009324500940010626000450020027000470024530000220029250000510031465000140036565000210037970000150040070000160041520170124110227.0 aA-706936 c00.00a8185002207 aA-706936 bCen Lib/Ret aDPLbEN a921bLEG aThe legacy of Nehru :cedited by Sar Deasai [and] Anand Mohan ba centennial assessment / aNew DelhibPromila and publishers c1992 bNew DelhiaC-127, Darvodya enclavee110017 ax,420p.c23cm(Hb) aIncludes bibliographical references and index  aBiography aPrime ministers  aDesai, Sar aAnand Mohan